América Latina y la crisis Nicaragüense
Gardado en:
| Formato: | Texto |
|---|---|
| Materias: | |
| Etiquetas: |
Engadir etiqueta
Sen Etiquetas, Sexa o primeiro en etiquetar este rexistro!
|
MARC
| LEADER | 00000 a a2200000 04500 | ||
|---|---|---|---|
| 001 | 17866 | ||
| 003 | |||
| 040 | |||
| 245 | |a América Latina y la crisis Nicaragüense | ||
| 650 | |a POLITICA | ||
| 650 | |a SINDICATOS | ||
| 650 | |a GUERRA CIVIL | ||
| 650 | |a AMERICA LATINA | ||
| 773 | |g volumen 3, número 32; páginas 253 | ||
| 999 | |c 23817 |d 23817 | ||
| 773 | 0 | |0 42391 |9 3790 |a Agencia Latinoamericana de Información, ALAI |d Quito, Ecuador: ALAI |o 03838 |t ALAI: |x 08275564 (Servicio mensual de información y documentación) | |
